000 00460nam a2200193Ia 4500
005 20240823030648.0
008 240823s9999||||xx |||||||||||||| ||und||
020 _a81-7649-000-8
041 _aENGLISH
082 _A574.192 P7
100 _aIvano Bertini et al.
245 0 _aBioinorganic Chemistry
250 _a1st
260 _c2007
_b"Viva Books, Privated Li"
500 _aYES
650 _aChemistry
_bChemistry
942 _cBK
999 _c189229
_d189229